000 00495nam a2200193Ia 4500
008 170918s9999 xx 000 0 und d
020 _a9780394823959
050 _bS496 2000
100 _aDr. Seuss
245 _aIn a people house /
245 _cby Dr. Seuss ; writing as Theo Lesieg ; illustrated by Roy McKie.
260 _aNew York :
260 _bRandom House,
260 _c2000
300 _aunpaged :
300 _bcolored illustration ;
300 _c23cm.
500 _a600
999 _c343040
_d343040